Language Quiz

Random Language or Quote Quiz

Not Quite Before and After Quiz Stats

 Plays Quiz Updated Oct 18, 2016

Also try: Before and After
Challenge
Share
Tweet
Embed
Score 0/14 Timer 08:00
0 Plays Today
Before Bad Before and After % Correct
Popular music video gameGuitar Hiroshima
62.1%
Traditional Chinese dishChow Mein Kampf
56.1%
Sharks of the NHLSan Jose and the Pussycats
55.4%
Put Nesquik in the regular kind to make thisChocolate Milton Bradley
53.3%
Steel Town residentPittsburgher King
52%
'The Quicker Picker-Upper' for examplePaper Towel of Babel
49.6%
Symbols of the USSRHammer and Sickle Me Elmo
49%
Before Bad Before and After % Correct
Facial hair of stereotypical Chinese villainsFu Manchuing Gum
48.6%
Table tennisPing Pong John Silver
48.2%
What 'murse' is short for - not male nurseMan Pursuit of Happyness
44.6%
Arby's signature dishRoast Beef of Burden
31.5%
Video game plumberSuper Mario Speedwagon
26.2%
Native American code-talkers in WWIINavajo Money Mo Problems
15.2%
Don't push this convertible sofaPull-Out Couch-22
7.8%

You're not logged in!

Compare scores with friends on all Sporcle quizzes.
Join for Free
OR
Log In

You Might Also Like...

Show Comments

Extras

Top Quizzes Today


Score Distribution

Your Account Isn't Verified!

In order to create a playlist on Sporcle, you need to verify the email address you used during registration. Go to your Sporcle Settings to finish the process.

Report this User

Report this user for behavior that violates our Community Guidelines.

Details: